000 01370nam a2200349 i 4500
001 000011128
003 DO-SdBNP
005 20260526110932.0
007 ta
008 091014s1997 dr a 001 p spa d
040 _aDO-SdBNP
_bspa
_cBNPHU
_erda
041 _hspa
082 4 _aRD861.44
_bR466v 1997
_222
100 1 _aReynoso Abud, Ana Silvia de,
_eautor
_4aut.
_925318
245 1 0 _aVersos simples para cantarle a la patria :
_bcuaderno primero /
_cAna Silvia Reynoso de Abud ; prólogo, León David ; ilustración, María Aybar
250 _aprimera edición
264 1 _aSanto Domingo, República Dominicana :
_bComisión Permanente de Efemérides Patrias
_c1997.
300 _a72 páginas :
_bilustraciones ;
_c26 cm.
336 _atexto
_btxt
_2rdacontent
337 _asin mediación
_bn
_2rdamedia
338 _avolumen
_bnc
_2rdacarrier
500 _aIncluye datos biográficos del autor en la contracubierta
590 _aInventariado, 2023/BT
650 4 _aPoesía patriotica dominicana
_92762
650 4 _aPoesía dominicana
_966
650 4 _aLiteratura dominicana.
_967
700 1 _aLeón David,
_d1945-
_eprologuista
_4pr.
_984930
700 1 _aAybar, María,
_eilustrador
_4il.
_924380
710 1 _aRepública Dominicana
_bComisión Permanente de Efemérides Patria
_945309
910 _aValidado. Control de calidad MFF
942 _2ddc
_cLBS1
999 _c10853
_d10853